Фантастика 2008: [фантастические повести и рассказы]

Dades bibliogràfiques
Altres autors: Науменко Н. А. (составитель)
Sumari:Перед вами — двенадцатый сборник популярного альманаха "Фантастика", с неизменным успехом выходящего уже шесть лет! Это — весьма необычный сборник. В него вошли не только новые рассказы, повести и статьи Василия Головачева и Евгения Лукина, Евгения Малинина и Владимира Михайлова, Леонида Каганова и творческого дуэта Г. Л. Олди, но и произведения всех финалистов последнего конкурса "Роскон-Грелка".
Idioma:rus
Publicat: Москва, АСТ, 2008
Col·lecció:Звездный лабиринт
Matèries:
Format: MixedMaterials Llibre
KOHA link:https://koha.lib.tpu.ru/cgi-bin/koha/opac-detail.pl?biblionumber=346116

MARC

LEADER 00000nam0a2200000 4500
001 346116
005 20231102005842.0
010 |a 9785170442812 
010 |a 978-5-9713-6748-2 
010 |a 978-5-9762-3831-2 
035 |a (RuTPU)RU\TPU\book\377972 
035 |a RU\TPU\book\145291 
090 |a 346116 
100 |a 20210603d2008 m y0rusy50 ca 
101 0 |a rus 
102 |a RU 
105 |a y z 000ay 
200 1 |a Фантастика 2008  |e [фантастические повести и рассказы]  |f сост. Н. А. Науменко 
210 |a Москва  |c АСТ  |c АСТ Москва  |c Хранитель  |d 2008 
215 |a 768 с. 
225 1 |a Звездный лабиринт 
330 |a Перед вами — двенадцатый сборник популярного альманаха "Фантастика", с неизменным успехом выходящего уже шесть лет! Это — весьма необычный сборник. В него вошли не только новые рассказы, повести и статьи Василия Головачева и Евгения Лукина, Евгения Малинина и Владимира Михайлова, Леонида Каганова и творческого дуэта Г. Л. Олди, но и произведения всех финалистов последнего конкурса "Роскон-Грелка". 
606 1 |a Русская литература современная  |2 stltpush  |3 (RuTPU)RU\TPU\subj\26373  |9 50316 
610 1 |a художественная литература 
610 1 |a романы 
610 1 |a повести 
610 1 |a рассказы 
610 1 |a фантастика 
610 1 |a боевики 
675 |a Р2  |v 3 
702 1 |a Науменко  |b Н. А.  |4 220 
801 1 |a RU  |b 63413507  |c 20080325  |g PSBO 
801 2 |a RU  |b 63413507  |c 20210705  |g PSBO 
942 |c BK 
959 |a 36/20080319  |d 1  |e 115,40  |f ХФ:1